Teoría del Teatro Español: siglos XVI-XVII
Saved in:
| Hovedforfatter: | |
|---|---|
| Format: | Bog |
| Sprog: | spansk |
| Udgivet: |
Santiago
Universitaria
1979
|
| Udgivelse: | 1a. ed |
| Serier: | Fascículos para la Comprensión de la Ciencia, las Humanidades y la Tecnología, 20
|
| Fag: | |
| Tags: |
Tilføj Tag
Ingen Tags, Vær først til at tagge denne postø!
|
MARC
| LEADER | 00000nam a2200000 a 4500 | ||
|---|---|---|---|
| 001 | UCH5529 | ||
| 003 | CL-VaPUC | ||
| 008 | 091014e19790000CL |||||||||||||||||spa|d | ||
| 082 | 0 | 4 | |a 862 |b HAV |2 21 |
| 100 | |a Haverbeck Ojeda, Erwin |e author |9 542474 | ||
| 245 | 1 | 0 | |a Teoría del Teatro Español: siglos XVI-XVII |
| 250 | |a 1a. ed | ||
| 300 | |a 70 p | ||
| 942 | |c BK | ||
| 945 | |d 20091014 00:00:00 |a ccalabra | ||
| 260 | |a Santiago |b Universitaria |c 1979 | ||
| 650 | 0 | |a Educación |9 258661 | |
| 650 | 0 | |a Teatro |9 265385 | |
| 650 | 0 | |a Teatro español |9 265077 | |
| 650 | 7 | |a DRAMATURGOS |2 CL-VaPUC |9 433205 | |
| 650 | 0 | |a Actores |9 302313 | |
| 650 | 0 | |a Historia de España |9 315435 | |
| 651 | 0 | |a España |9 254926 | |
| 583 | |a last modification |c 20091014 00:00:00 |k Rodrigo Vera | ||
| 490 | 0 | |a Fascículos para la Comprensión de la Ciencia, las Humanidades y la Tecnología, 20 | |
| 999 | |c 336657 |d 336655 | ||